Statistics for Every Champions League Goalscorer (2021/22)

Click here to take the quiz!

General Stats

  • This quiz has been taken 27 times
  • The average score is 90 of 184

Answer Stats

Answer% Correct
Boulaye Dia
100%
Brahim Díaz
100%
Luis Díaz
100%
Lionel Messi
91%
Antoine Griezmann
86%
Rafael Leão
86%
André Silva
82%
Arturo Vidal
82%
Bernardo Silva
82%
Christian Pulisic
82%
Cristiano Ronaldo
82%
David Alaba
82%
Diogo Jota
82%
Divock Origi
82%
Edin Džeko
82%
Gabriel Jesus
82%
Hakim Ziyech
82%
Ibrahima Konaté
82%
João Félix
82%
Jordan Henderson
82%
Kai Havertz
82%
Karim Benzema
82%
Kevin De Bruyne
82%
Kingsley Coman
82%
Kyle Walker
82%
Kylian Mbappé
82%
Lautaro Martínez
82%
Mohamed Salah
82%
Naby Keïta
82%
Rafa Silva
82%
Raheem Sterling
82%
Riyad Mahrez
82%
Robert Lewandowski
82%
Roberto Firmino
82%
Rodrygo
82%
Romelu Lukaku
82%
Sadio Mané
82%
Sébastien Haller
82%
Thiago Alcântara
82%
Thomas Müller
82%
Timo Werner
82%
Toni Kroos
82%
Trent Alexander-Arnold
82%
Vinícius Júnior
82%
Duván Zapata
77%
Erling Håland
77%
Fabinho
77%
Fikayo Tomori
77%
João Cancelo
77%
Jorginho
77%
Jude Bellingham
77%
Marco Reus
77%
Mason Mount
77%
Phil Foden
77%
Serge Gnabry
77%
Alexis Sánchez
73%
Christopher Nkunku
73%
Donyell Malen
73%
Georginio Wijnaldum
73%
Leroy Sané
73%
Luis Suárez
73%
Marco Asensio
73%
Marcus Rashford
73%
Álvaro Morata
68%
Andreas Christensen
68%
Ante Rebić
68%
Antonio Rüdiger
68%
César Azpilicueta
68%
Darwin Núñez
68%
Dušan Tadić
68%
Emil Forsberg
68%
Harry Maguire
68%
Jack Grealish
68%
Nathan Aké
68%
Paulo Dybala
68%
Ángel Correa
64%
Anthony Elanga
64%
Jamal Musiala
64%
Jonathan David
64%
Milan Škriniar
64%
Antony
59%
David Neres
59%
Eric Maxim Choupo-Moting
59%
Gerard Piqué
59%
Idrissa Gueye
59%
Jadon Sancho
59%
Marcelo Brozović
59%
Mason Greenwood
59%
Reece James
59%
Renan Lodi
59%
Rodrigo De Paul
59%
Stefan de Vrij
59%
Alex Telles
55%
Ansu Fati
55%
Arnaut Danjuma
55%
Callum Hudson-Odoi
55%
Dejan Kulusevski
55%
Dušan Vlahović
55%
Federico Chiesa
55%
Josip Iličić
55%
Robin Gosens
55%
Trevoh Chalobah
55%
Ander Herrera
50%
Dominik Szoboszlai
50%
Ivan Rakitić
50%
Luis Muriel
50%
Mario Pašalić
45%
Mehdi Taremi
45%
Pau Torres
45%
Burak Yılmaz
41%
Cole Palmer
41%
Junior Messias
41%
Lucas Ocampos
41%
Nordi Mukiele
41%
Daley Blind
36%
Dani Parejo
36%
Étienne Capoue
36%
Gonçalo Ramos
36%
Karim Adeyemi
36%
Ruslan Malinovskyi
36%
Alberto Moreno
32%
Francis Coquelin
32%
Gerard Moreno
32%
Remo Freuler
32%
Roman Yaremchuk
32%
Alex Sandro
27%
Hans Vanaken
27%
Merih Demiral
27%
Pablo Sarabia
27%
Rafa Mir
27%
Cyle Larin
23%
Jonathan Ikoné
23%
Adama Traoré
18%
Angel Gomes
18%
Manu Trigueros
18%
Matteo Pessina
18%
Moise Kean
18%
Pedro Porro
18%
Rachid Ghezzal
18%
Samuel Chukwueze
18%
Sebastián Coates
18%
Sérgio Oliveira
18%
Steven Berghuis
18%
Davy Klaassen
14%
Joan Jordán
14%
Lukas Nmecha
14%
Noah Okafor
14%
Paulinho
14%
Pedro Gonçalves
14%
Sébastien Thill
14%
Jordan Siebatcheu
9%
José Luis Palomino
9%
Maximilian Wöber
9%
Paco Alcácer
9%
Renato Steffen
9%
Ridle Baku
9%
Sardar Azmoun
9%
Chukwubuike Adamu
5%
Fernando
5%
Francisco Montero
5%
Gilberto
5%
Luka Sučić
5%
Morato
5%
Nuno Santos
5%
Wendel
5%
Yeremi Pino
5%
Aleksey Sutormin
0%
Boban Nikolov
0%
Bruno Tabata
0%
Claudinho
0%
Daler Kuzyaev
0%
Denys Harmash
0%
Fabian Rieder
0%
Jasurbek Yakhshiboev
0%
Magomed Ozdoev
0%
Mats Rits
0%
Maurits Kjaergaard
0%
Meschak Elia
0%
Momo Yansané
0%
Moumi Ngamaleu
0%
Silvan Hefti
0%
Søren Rieks
0%
Vincent Sierro
0%
Yaroslav Rakitskiy
0%

Score Distribution

Percentile by Number Answered

Percent of People with Each Score

Your Score History

You have not taken this quiz